LEADER 02133oam 2200565 450 001 9910702506803321 005 20150622155235.0 035 $a(CKB)5470000002429115 035 $a(OCoLC)907477416 035 $a(EXLCZ)995470000002429115 100 $a20150416d2013 ua 0 101 0 $aeng 135 $aurmn||||||||| 181 $2rdacontent 182 $2rdamedia 183 $2rdacarrier 200 00$aNon-oriented electrical steel from China, Germany, Japan, Korea, Sweden, and Taiwan $einvestigation nos. 701-TA-506-508 and 731-TA-1238-1243 (preliminary) 210 1$aWashington, DC :$cU.S. International Trade Commission,$d2013. 215 $a1 online resource (116 unnumbered pages) $cillustrations 225 1 $aPublication / U.S. International Trade Commission ;$v4441 300 $aTitle from title screen (viewed Apr. 15, 2015). 300 $a"December 2013." 320 $aIncludes bibliographical references. 517 $aNon-oriented electrical steel from China, Germany, Japan, Korea, Sweden, and Taiwan 606 $aSteel, Electrical 606 $aInternational trade$xManagement 606 $aSteel industry and trade$zUnited States 606 $aSteel industry and trade$zChina 606 $aSteel industry and trade$zGermany 606 $aSteel industry and trade$zJapan 606 $aSteel industry and trade$zKorea 606 $aSteel industry and trade$zSweden 606 $aSteel industry and trade$zTaiwan 615 0$aSteel, Electrical. 615 0$aInternational trade$xManagement. 615 0$aSteel industry and trade 615 0$aSteel industry and trade 615 0$aSteel industry and trade 615 0$aSteel industry and trade 615 0$aSteel industry and trade 615 0$aSteel industry and trade 615 0$aSteel industry and trade 712 02$aUnited States International Trade Commission, 801 0$bGPO 801 1$bGPO 801 2$bGPO 906 $aBOOK 912 $a9910702506803321 996 $aNon-oriented electrical steel from China, Germany, Japan, Korea, Sweden, and Taiwan$93499997 997 $aUNINA LEADER 01398nam0 22003613i 450 001 BRI0113463 005 20231121125409.0 100 $a20151002d1935 ||||0itac50 ba 101 | $agrc$aita$cgrc 102 $ait 181 1$6z01$ai $bxxxe 182 1$6z01$an 200 1 $a˜Le œsupplici$fEschilo$gcon introduzione e commento di Mario Untersteiner 210 $aNapoli$cLuigi Loffredo$d1935 215 $a225 p.$d21 cm 500 10$aSupplices$3RMS0050802$9CFIV003888$920065 606 $aEschilo . Supplici$xCommenti$2FIR$3RMLC429564$9E 676 $a882.01$9Poesia drammatica e letteratura drammatica greca classica. Periodo antico, fino al 499 ca.$v22 700 0$aAeschylus$3CFIV003888$4070$0153340 702 1$aUntersteiner$b, Mario$3CFIV040369 790 0$aEschilo$3CFIV003889$zAeschylus 790 0$aAeschylos$3CFIV323263$zAeschylus 790 0$aEschyle$3NAPV072322$zAeschylus 790 0$aAischylos$3SBNV041354$zAeschylus 790 1$aUntersteiner$b, Mario M.$3BVEV285768$zUntersteiner, Mario 801 3$aIT$bIT-01$c20151002 850 $aIT-FR0017 899 $aBiblioteca umanistica Giorgio Aprea$bFR0017 $eN 912 $aBRI0113463 950 0$aBiblioteca umanistica Giorgio Aprea$d 52DFA F 1$e 52FLS0000305825 VMC A4 $fC $h20151002$i20151002 977 $a 52 996 $aSupplices$920065 997 $aUNICAS